Balkan Flaggen Quiz - Statistiken

Allgemein
  • Dieses Quiz wurde 629 mal gespielt
  • Das Durchschnittsergebnis liegt bei 12 aus 13
Antwortstatistiken
Bildquiz Antwort % Korrekt
Albanien
99%
Kroatien
99%
Bosnien und Herzegowina
98%
Griechenland
98%
Kosovo
97%
Nordmazedonien
97%
Serbien
97%
Rumänien
96%
Slowenien
96%
Türkei
96%
Bulgarien
95%
Montenegro
94%
Moldawien
82%
Keine übereinstimmenden Quizze gefunden
Verteilung der Resultate
Anzahl Personen mit jedem Resultat
Perzentil nach korrekt beantworteten Fragen
Ihre Resultats-Entwicklung
Sie haben dieses Quiz noch nicht gespielt